000
00331nam a22001457a 4500
008
210429b ||||| |||| 00| 0 eng d
020
_a
2900205245740
041
_a
eng
080
_2
6th
_a
37
082
_a
37
100
_a
46
101
_a
EDU
245
_a
A Brief Guide to Writing from Readings
_c
Wilhoit,S
942
_2
udc
_c
BK
999
_c
56985
_d
56985